Người Việt với biển

Công trình nghiên cứu của các tác giả trong Nhóm nghiên cứu thương mại châu Á; Dưới góc độ nghiên cứu lịch sử, tác phẩm tập trung khai thác và lý giải mối quan hệ giữa Việt Nam với thế giới bên ngoài qua con đường biển. Tập hợp các cô...

Full description

Saved in:
Bibliographic Details
Main Author: Nguyễn, Văn Kim
Format: Book
Language:Undetermined
Published: H. Thế giới 2011
Subjects:
Online Access:http://lrc.tdmu.edu.vn/opac/search/detail.asp?aID=2&ID=15134
Tags: Add Tag
No Tags, Be the first to tag this record!
Institutions: Trung tâm Học liệu Trường Đại học Thủ Dầu Một
LEADER 01478nam a2200205Ia 4500
001 TDMU_15134
008 210410s9999 xx 000 0 und d
082 |a 959.7007 
090 |b NG527 
100 |a Nguyễn, Văn Kim 
245 0 |a Người Việt với biển 
245 0 |c PGS.TS. Nguyễn Văn Kim (ch.b.) 
260 |a H. 
260 |b Thế giới 
260 |c 2011 
300 |a 606tr. 
520 |a Công trình nghiên cứu của các tác giả trong Nhóm nghiên cứu thương mại châu Á; Dưới góc độ nghiên cứu lịch sử, tác phẩm tập trung khai thác và lý giải mối quan hệ giữa Việt Nam với thế giới bên ngoài qua con đường biển. Tập hợp các công trình nghiên cứu của các tác giả trong Nhóm nghiên cứu thương mại châu Á theo 3 nội dung chính: Cơ tầng văn hóa biển; Quan hệ giao thương; Chủ quyền và An ninh biển.; LS001  |d Lịch sử Đông Nam Á ; LS076  |d Lịch sử Đông Nam Á cổ trung dại; LS096  |d Văn hóa Đông Nam Á 
650 |a Việt Nam  |x Chủ quyền và an ninh biển; Biển Việt Nam  |x Cơ tầng văn hóa; Việt Nam  |x Quan hệ giao thương 
856 |u http://lrc.tdmu.edu.vn/opac/search/detail.asp?aID=2&ID=15134 
980 |a Trung tâm Học liệu Trường Đại học Thủ Dầu Một